000 01078nam a2200253 i 4500
001 124920
003 ES-MaACL
005 20250808010924.0
007 t|
008 070424s1932 sp ||||1| spa d
100 1 _aPosada, Carlos G (
_d1890-1948)
_993318
245 1 3 _aEl seguro de invalidez, vejez y muerte ante la XVI Conferencia Internacional del Trabajo /
_cpor Carlos G. Posada.
260 _aMadrid :
_b[s.n.],
_c1932 (
_fImp. y Enc. de los Sobrinos de la Sucesora de M. Minuesa de los Ríos)
300 _a27 p. ;
_c20 cm.
490 1 _aPublicaciones del Instituto Nacional de Previsión ;
_v332
595 _aSeparata de: Anales del Instituto Nacional de Previsión, n. 96.
611 2 4 _aConferencia Internacional del Trabajo (
_n16ª.
_d1932.
_cGinebra)
_9171580
650 0 4 _aSeguros-
_zEspaña.
_917024
650 0 7 _aSeguros de vida
_2embne
_917028
710 2 _aInstituto Nacional de Previsión (España)
_95180
830 1 _aPublicaciones del Instituto Nacional de Previsión ;
_v332
_9181151
852 _aES-MaACL
_jC-12661(3)
999 _c124920
_d124920